00657nam a2200169 u 450000100100000000500170001000800410002704000250006808200140009310000340010724501530014126000410029430000200033550000530035550400270040870000520043500002074020200930011144.0100813s2015 dr r 000 0 spa d aDO-SdBNPbspacBNPHU axxxbxxxx1 aHidalgo Rodríguez, Victoria10aLa responsabilidad civil en los matrimonios canónicos católicos /cVictoria Hidalgo Rodríguez ; prólogo Francisco Antonio Jiménez Rosario. a[Santo Domingo] :b[s.n.],c[2015 ]. a75 p. ;c26 cm. aIncluye datos biográficos en la contracubierta aBibliografía : p. 7512aJiménez Rosario, Francisco Antonioeprólogo